| 000 | 00541nam a2200229Ia 4500 | ||
|---|---|---|---|
| 003 | OSt | ||
| 005 | 20220912151755.0 | ||
| 006 | a|||||r|||| 00| 0 | ||
| 007 | ta | ||
| 008 | 220909b |||||||| |||| 00| 0 eng d | ||
| 024 | _a43787 | ||
| 037 | _cTextual | ||
| 040 |
_aCSL _beng _cCSL |
||
| 041 | _aeng | ||
| 082 | _aH, K91;M0 | ||
| 100 | _aFoster | ||
| 245 | 0 | _aGeology | |
| 260 |
_aCharles _bMerrill Publsihing _c1980 |
||
| 300 |
_a187p. _ccm. |
||
| 942 |
_hH, K91;M0 _cTEXL _2CC |
||
| 999 |
_c75050 _d75050 |
||